| 000 | 00706cam a22002533a 4500 | ||
|---|---|---|---|
| 001 | 15569 | ||
| 003 | PGUSA | ||
| 005 | 20140828083331.0 | ||
| 008 | 050406s2005||||xxu|||||s|||||000 1 eng d | ||
| 040 |
_aPGUSA _beng |
||
| 042 | _adc | ||
| 050 | 4 | _aPZ | |
| 100 | 1 |
_aMolesworth, _cMrs, _d1839-1921 |
|
| 245 | 1 | 4 |
_aThe Cuckoo Clock _h[electronic resource] / _cMolesworth, |
| 260 |
_bProject Gutenberg, _c2005 |
||
| 506 | _aPublic domain in the USA. | ||
| 516 | _aElectronic text | ||
| 653 | _aClocks and watches -- Juvenile fiction | ||
| 653 | _aFantasy | ||
| 700 | 1 |
_aCrane, Walter, _d1845-1915 |
|
| 830 | 0 |
_aProject Gutenberg _v15569 |
|
| 856 | 4 | 0 | _uhttp://www.gutenberg.org/ebooks/15569 |
| 942 | _cEB | ||
| 999 |
_c244824 _d244824 |
||